[Event "Andalucia-ch"]
[Site "Lucena"]
[Date "2012.05.01"]
[Round "9"]
[White "Ruiz Gutierrez, Manuel"]
[Black "Terron Elena, Francisco Miguel"]
[Result "0-1"]
[WhiteElo "2173"]
[BlackElo "2293"]
[PlyCount "58"]
[EventDate "2012.04.26"]
[EventType "swiss"]
[EventRounds "9"]
[EventCountry "ESP"]
[SourceTitle "EXT 2013"]
[Source "ChessBase"]
[SourceDate "2012.11.22"]
[SourceVersion "1"]
[SourceVersionDate "2012.11.22"]
[SourceQuality "1"]

1. d4 Nf6 2. c4 g6 3. g3 Bg7 4. Bg2 0-0 5. Nf3 d6 6. 0-0 Nc6 7. Nc3 a6 8. b3 Bd7 9. Bb2 Rb8 10. d5 Na5 11. Nd4 c5 12. dxc6 bxc6 13. Rb1 h5 14. h4 Qc8 15. Qd2 Nb7 16. Rfe1 Nc5 17. Ba1 a5 18. Qc2 Qa6 19. Nd1 e5 20. Nf3 Bf5 21. e4 Bxe4 22. Rxe4 Nfxe4 23. Ne3 f5 24. Ng5 Nxg5 25. hxg5 Ne6 26. Qd2 Rbd8 27. Nc2 f4 28. Qd3 Rf5 29. Bh3 Nc5 0-1

[Event "Andalucia-ch"]
[Site "Lucena"]
[Date "2012.04.29"]
[Round "5"]
[White "Ruiz Gutierrez, Manuel"]
[Black "Galvez Paniagua, Rafael"]
[Result "1/2-1/2"]
[WhiteElo "2173"]
[BlackElo "1938"]
[PlyCount "114"]
[EventDate "2012.04.26"]
[EventType "swiss"]
[EventRounds "9"]
[EventCountry "ESP"]
[SourceTitle "EXT 2013"]
[Source "ChessBase"]
[SourceDate "2012.11.22"]
[SourceVersion "1"]
[SourceVersionDate "2012.11.22"]
[SourceQuality "1"]

1. Nf3 Nf6 2. c4 g6 3. Nc3 Bg7 4. g3 0-0 5. Bg2 d6 6. d4 Nbd7 7. 0-0 c6 8. e4 e5 9. h3 exd4 10. Nxd4 Nb6 11. b3 Re8 12. Rb1 a5 13. a4 Nbd7 14. Re1 Nc5 15. Bf4 Nh5 16. Be3 Bd7 17. Qd2 Qc8 18. Kh2 Qc7 19. Re2 Nf6 20. Bh6 Bh8 21. Nc2 Rad8 22. Ne1 Bc8 23. Nd3 Ncd7 24. Rd1 Ne5 25. Nxe5 dxe5 26. Qc2 Rxd1 27. Qxd1 Rd8 28. Rd2 Rxd2 29. Qxd2 Bg7 30. Bg5 Qd7 31. Qc2 h6 32. Be3 Bf8 33. Ne2 g5 34. Nc1 c5 35. Qc3 Qc7 36. Ne2 b6 37. Qd3 Bb7 38. Nc3 Qd7 39. Nd5 Bxd5 40. cxd5 Ne8 41. Qa6 Qc7 42. Qa8 Nd6 43. Qc6 Qd8 44. f3 Kg7 45. g4 Nc8 46. Qb7 Nd6 47. Qa7 Nc8 48. Qa8 Bd6 49. Bf1 Qf6 50. Kg2 Ne7 51. Qb7 Ng6 52. Qxb6 Nh4+ 53. Kg1 Qxf3 54. Bf2 Bf8 55. Bxh4 gxh4 56. Bg2 Qe3+ 57. Kh2 Qg3+ 1/2-1/2

[Event "Malaga-ch"]
[Site "Malaga"]
[Date "2012.02.05"]
[Round "9"]
[White "Ruiz Gutierrez, Manuel"]
[Black "Gutierrez Lopez, Carlos"]
[Result "0-1"]
[WhiteElo "2182"]
[BlackElo "2128"]
[PlyCount "112"]
[EventDate "2012.01.14"]
[EventType "swiss"]
[EventRounds "9"]
[EventCountry "ESP"]
[SourceTitle "CBM 146 Extra"]
[Source "ChessBase"]
[SourceDate "2012.02.29"]
[SourceVersion "1"]
[SourceVersionDate "2012.02.29"]
[SourceQuality "1"]

1. Nf3 Nf6 2. c4 c5 3. Nc3 e6 4. g3 b6 5. Bg2 Bb7 6. 0-0 Be7 7. b3 d6 8. Bb2 a6 9. e3 0-0 10. Qc2 Nbd7 11. d4 cxd4 12. exd4 d5 13. Ne5 Rc8 14. Rac1 Qc7 15. Nxd7 Qxd7 16. Ne2 dxc4 17. Bxb7 Qxb7 18. bxc4 Ne4 19. f3 Nd6 20. Qb3 Bf6 21. Rc2 Rfd8 22. Kg2 Rc7 23. h4 Rdc8 24. Rfc1 h6 25. Nf4 Nf5 26. d5 Bxb2 27. Rxb2 Rxc4 28. Rxc4 Rxc4 29. dxe6 b5 30. Qd3 fxe6 31. Qd8+ Kh7 32. Nxe6 Qc8 33. Qxc8 Rxc8 34. h5 Kg8 35. Rd2 Kf7 36. Nf4 Rc2 37. Rxc2 Ne3+ 38. Kf2 Nxc2 39. Nd5 a5 40. Ke2 Nd4+ 41. Ke3 Nf5+ 42. Kf4 Nd4 43. Ke4 Ne2 44. g4 b4 45. Kd3 Nc1+ 46. Kc2 Nxa2 47. Kb2 Nc3 48. Nxc3 bxc3+ 49. Kxc3 Ke6 50. Kd4 a4 51. f4 a3 52. Kc3 Kd5 53. Kb3 Ke4 54. g5 Kxf4 55. gxh6 gxh6 56. Kxa3 Kg5 0-1

[Event "Malaga-ch"]
[Site "Malaga"]
[Date "2012.02.04"]
[Round "8"]
[White "Ruiz Gutierrez, Manuel"]
[Black "Ramos Moreno, Francisco Jose"]
[Result "0-1"]
[WhiteElo "2182"]
[BlackElo "2111"]
[PlyCount "144"]
[EventDate "2012.01.14"]
[EventType "swiss"]
[EventRounds "9"]
[EventCountry "ESP"]
[SourceTitle "CBM 146 Extra"]
[Source "ChessBase"]
[SourceDate "2012.02.29"]
[SourceVersion "1"]
[SourceVersionDate "2012.02.29"]
[SourceQuality "1"]

1. Nf3 d5 2. d4 e6 3. c4 c5 4. cxd5 exd5 5. Nc3 Nc6 6. g3 Nf6 7. Bg2 Be7 8. 0-0 0-0 9. dxc5 d4 10. Na4 Bf5 11. Ne1 Qd7 12. Nd3 Rad8 13. Bg5 h6 14. Bxf6 Bxf6 15. Rb1 Rfe8 16. Re1 Ne5 17. c6 Nxc6 18. Nac5 Qe7 19. Rc1 Rc8 20. Qa4 Bxd3 21. Nxd3 Ne5 22. Nf4 b5 23. Qxb5 Rb8 24. Qa4 Rxb2 25. Nd5 Qf8 26. Nxf6+ gxf6 27. Qxa7 d3 28. exd3 Nxd3 29. Rxe8 Qxe8 30. Rf1 Qe2 31. a4 Ne5 32. Qa8+ Kg7 33. a5 Ra2 34. Bb7 Nc4 35. Ba6 Rxa5 36. Qc6 Rxa6 37. Qxa6 Qe4 38. Qa4 Qd5 39. Qa2 Qe4 40. f3 Qd3 41. Qf2 Nd2 42. Rd1 Nxf3+ 43. Kg2 Nh4+ 44. gxh4 Qxd1 45. Qg3+ Kh7 46. Qf4 Qd5+ 47. Kg1 Qe5 48. Qc4 Qe6 49. Qd4 f5 50. Kf2 Kg6 51. Qd8 Qa2+ 52. Kf3 Qb3+ 53. Kf2 Qc2+ 54. Kg3 Qb3+ 55. Kf2 Qe6 56. Kg3 Qe5+ 57. Kg2 Qe2+ 58. Kg3 Qg4+ 59. Kf2 Kh5 60. Qd5 Qxh4+ 61. Kf1 Qf4+ 62. Kg1 Qe3+ 63. Kf1 Qc1+ 64. Kf2 Qc2+ 65. Kf1 Kg4 66. Qxf7 Qd1+ 67. Kf2 Qf3+ 68. Kg1 Kh3 69. Qa2 f4 70. Qc2 Qg4+ 71. Kh1 f3 72. Qg6 Qg2+ 0-1

[Event "Malaga-ch Seniors 9th"]
[Site "Malpica"]
[Date "2011.10.29"]
[Round "5.2"]
[White "Lobato Montes, Juan Manuel"]
[Black "Ruiz Gutierrez, Manuel"]
[Result "0-1"]
[WhiteElo "1324"]
[BlackElo "2191"]
[PlyCount "20"]
[EventDate "2011.09.22"]
[EventType "swiss"]
[EventRounds "5"]
[EventCountry "ESP"]
[SourceTitle "EXT 2024"]
[Source "ChessBase"]
[SourceDate "2023.10.10"]
[SourceVersion "1"]
[SourceVersionDate "2023.10.10"]
[SourceQuality "1"]

1. e4 c5 2. Nc3 Nc6 3. g3 g6 4. Bg2 Bg7 5. d3 e6 6. Be3 Nd4 7. Nge2 Ne7 8. Rb1 Nec6 9. Bxd4 cxd4 10. Nb5 Qa5+ 0-1

[Event "Malaga op 14th"]
[Site "Malaga"]
[Date "2011.05.02"]
[Round "7"]
[White "Ruiz Gutierrez, Manuel"]
[Black "Burgos Figueroa, Carlos Ernesto"]
[Result "0-1"]
[WhiteElo "2193"]
[BlackElo "2301"]
[PlyCount "74"]
[EventDate "2011.04.29"]
[EventType "swiss"]
[EventRounds "7"]
[EventCountry "ESP"]
[SourceTitle "CBM 142 Extra"]
[Source "ChessBase"]
[SourceDate "2011.06.27"]
[SourceVersion "1"]
[SourceVersionDate "2011.06.27"]
[SourceQuality "1"]

1. d4 Nf6 2. Nf3 c5 3. e3 e6 4. c4 b6 5. b3 Bb7 6. Bb2 Be7 7. Be2 0-0 8. 0-0 d5 9. cxd5 exd5 10. Nc3 Nbd7 11. Rc1 a6 12. Ne5 cxd4 13. exd4 Bd6 14. Nd3 Re8 15. Bf3 Ne4 16. g3 f5 17. Bg2 Qf6 18. Ne2 Qh6 19. f4 Ndf6 20. Ne5 Bxe5 21. dxe5 Ng4 22. h3 Ne3 23. Qd4 Nxf1 24. Bxf1 Rac8 25. Kh2 Rxc1 26. Nxc1 Rc8 27. Bd3 Qe6 28. Ne2 Nc5 29. Bb1 a5 30. g4 Ne4 31. gxf5 Qxf5 32. Qxb6 Qh5 33. Bd3 Bc6 34. Qa7 Qf3 35. e6 d4 36. Qf7+ Kh8 37. Bxd4 Nf6 0-1

[Event "Malaga op 14th"]
[Site "Malaga"]
[Date "2011.05.02"]
[Round "5"]
[White "Ruiz Gutierrez, Manuel"]
[Black "Ramos Moreno, Francisco Jose"]
[Result "1-0"]
[WhiteElo "2193"]
[BlackElo "2122"]
[PlyCount "164"]
[EventDate "2011.04.29"]
[EventType "swiss"]
[EventRounds "7"]
[EventCountry "ESP"]
[SourceTitle "CBM 142 Extra"]
[Source "ChessBase"]
[SourceDate "2011.06.27"]
[SourceVersion "1"]
[SourceVersionDate "2011.06.27"]
[SourceQuality "1"]

1. Nf3 b6 2. c4 Bb7 3. e3 e6 4. Be2 f5 5. 0-0 Nf6 6. Nc3 Bd6 7. d4 0-0 8. Ne5 g5 9. Bf3 Nc6 10. Nxc6 dxc6 11. g3 g4 12. Bg2 Bb4 13. Ne2 Bd6 14. b3 Qd7 15. Bb2 Rad8 16. Qc2 Qc8 17. c5 Be7 18. Nf4 b5 19. b4 Qd7 20. a4 a6 21. axb5 axb5 22. Ra7 Rb8 23. Nd3 Nd5 24. e4 fxe4 25. Bxe4 Bf6 26. Qe2 Qg7 27. Bg2 Rfe8 28. Qe4 Qg6 29. Re1 Qxe4 30. Rxe4 h5 31. h3 gxh3 32. Bxh3 Kf7 33. Kg2 Re7 34. f4 Bc8 35. Kf3 Bd7 36. Bc1 Rh8 37. Bd2 Bg7 38. Ne5+ Bxe5 39. Rxe5 Kf6 40. Ra1 Rg7 41. Rg5 Rgg8 42. Rxg8 Rxg8 43. Ra6 Ne7 44. Ra7 Nd5 45. Bf1 Rf8 46. Bd3 Rc8 47. Be4 Be8 48. Ra6 Bd7 49. f5 Rf8 50. fxe6 Kxe6+ 51. Ke2 Rg8 52. Be1 Rg4 53. Kf3 Rg8 54. Ra7 Rf8+ 55. Ke2 Rc8 56. Bd2 Be8 57. Ra6 Bd7 58. Bf3 Rg8 59. Be1 Rh8 60. Ra7 Rh7 61. Ra8 Ne7 62. Bf2 Nd5 63. Be1 Ne7 64. Be4 Rg7 65. Rh8 Rg5 66. Rh6+ Kf7 67. Rh7+ Ke6 68. Kf3 Nd5 69. Bd2 Rg4 70. Rh6+ Kf7 71. Rh7+ Ke6 72. Bf4 Nxf4 73. gxf4 Rg1 74. Rxh5 Rf1+ 75. Kg3 Kf6 76. Bxc6 Bxc6 77. Rh6+ Ke7 78. Rxc6 Kd7 79. Rh6 Rd1 80. c6+ Ke7 81. Rh5 Rxd4 82. Rxb5 Kd6 1-0

[Event "Andalucia-ch Seniors"]
[Site "Almeria"]
[Date "2011.04.19"]
[Round "4.2"]
[White "Gonzalez Lopez, Jose Antonio"]
[Black "Ruiz Gutierrez, Manuel"]
[Result "0-1"]
[WhiteElo "1756"]
[BlackElo "2193"]
[PlyCount "80"]
[EventDate "2011.04.17"]
[EventType "swiss"]
[EventRounds "6"]
[EventCountry "ESP"]
[SourceTitle "EXT 2024"]
[Source "ChessBase"]
[SourceDate "2023.10.10"]
[SourceVersion "1"]
[SourceVersionDate "2023.10.10"]
[SourceQuality "1"]

1. c4 e5 2. Nc3 Nf6 3. g3 d5 4. cxd5 Nxd5 5. Bg2 Nxc3 6. bxc3 Bd6 7. d3 0-0 8. Nf3 Nc6 9. 0-0 Qe7 10. e4 b6 11. Bg5 f6 12. Be3 Ba6 13. Nh4 g6 14. Bh3 Rad8 15. a4 Bc5 16. Qb3+ Kg7 17. c4 Nd4 18. Bxd4 Bxd4 19. Ra2 c6 20. Nf3 Bc5 21. Rb1 Rd6 22. Ne1 Rfd8 23. Bg4 h5 24. Be2 R6d7 25. Kg2 Qe6 26. h4 Rd6 27. Bf1 Bc8 28. Kg1 a5 29. Qc2 Qg4 30. Kh2 g5 31. Qe2 gxh4 32. Qxg4+ Bxg4 33. gxh4 Rg8 34. Ng2 f5 35. Ne3 f4 36. Nf5+ Bxf5 37. exf5 Kf6 38. Rd1 Rg5 39. Kh3 f3 40. Rc1 Rd4 0-1

[Event "Andalucia-ch Seniors"]
[Site "Almeria"]
[Date "2011.04.19"]
[Round "5.2"]
[White "Ruiz Gutierrez, Manuel"]
[Black "Lerma Moreno, Juan Manuel"]
[Result "1-0"]
[WhiteElo "2193"]
[BlackElo "1897"]
[PlyCount "45"]
[EventDate "2011.04.17"]
[EventType "swiss"]
[EventRounds "6"]
[EventCountry "ESP"]
[SourceTitle "EXT 2024"]
[Source "ChessBase"]
[SourceDate "2023.10.10"]
[SourceVersion "1"]
[SourceVersionDate "2023.10.10"]
[SourceQuality "1"]

1. Nf3 d5 2. d4 Bf5 3. c4 e6 4. Nc3 c6 5. e3 Nd7 6. Bd3 Bxd3 7. Qxd3 Ngf6 8. 0-0 Be7 9. Rd1 0-0 10. e4 dxe4 11. Nxe4 Nxe4 12. Qxe4 Nf6 13. Qe2 h6 14. b3 Qa5 15. Ne5 Rad8 16. Bb2 Nd7 17. Ng4 Qf5 18. d5 cxd5 19. cxd5 Nf6 20. d6 Nxg4 21. dxe7 Rxd1+ 22. Rxd1 Re8 23. Rd8 1-0

[Event "Malaga op 13th"]
[Site "Malaga"]
[Date "2010.02.25"]
[Round "7"]
[White "Ruiz Gutierrez, Manuel"]
[Black "Ladron de Guevara Pinto, Paolo"]
[Result "1-0"]
[WhiteElo "2226"]
[BlackElo "2141"]
[PlyCount "51"]
[EventDate "2010.02.20"]
[EventType "swiss"]
[EventRounds "9"]
[EventCountry "ESP"]
[SourceTitle "CBM 135 Extra"]
[Source "ChessBase"]
[SourceDate "2010.05.04"]
[SourceVersion "1"]
[SourceVersionDate "2010.05.04"]
[SourceQuality "1"]

1. Nf3 c5 2. e4 d6 3. d4 cxd4 4. Nxd4 Nf6 5. Nc3 Nc6 6. Be2 e5 7. Nb3 Be7 8. 0-0 0-0 9. f4 a6 10. Kh1 b5 11. a3 Bb7 12. Bf3 Qc7 13. Nd5 Nxd5 14. exd5 Nd8 15. f5 a5 16. Be4 Bc8 17. f6 Bxf6 18. Rxf6 a4 19. Qh5 g6 20. Qh6 axb3 21. cxb3 Nb7 22. b4 Qc4 23. Qh4 Bd7 24. Bh6 Rfc8 25. Rxg6+ fxg6 26. Qe7 1-0

[Event "Malaga op 13th"]
[Site "Malaga"]
[Date "2010.02.23"]
[Round "5"]
[White "Ruiz Gutierrez, Manuel"]
[Black "Ladron de Guevara Pinto, Fermin Gabriel"]
[Result "1/2-1/2"]
[WhiteElo "2226"]
[BlackElo "2044"]
[PlyCount "56"]
[EventDate "2010.02.20"]
[EventType "swiss"]
[EventRounds "9"]
[EventCountry "ESP"]
[SourceTitle "CBM 135 Extra"]
[Source "ChessBase"]
[SourceDate "2010.05.04"]
[SourceVersion "1"]
[SourceVersionDate "2010.05.04"]
[SourceQuality "1"]

1. c4 c6 2. e4 e5 3. Nf3 d6 4. d4 Nd7 5. Nc3 Ngf6 6. Be2 Be7 7. 0-0 0-0 8. Re1 Re8 9. Bf1 Qc7 10. h3 Nf8 11. Be3 Ng6 12. Qc2 Bd7 13. Rac1 Nh5 14. dxe5 dxe5 15. Ne2 Rad8 16. Red1 b6 17. c5 bxc5 18. Bxc5 Bxc5 19. Qxc5 Qb6 20. b3 Nf6 21. Ng3 h5 22. Re1 h4 23. Nf5 Qxc5 24. Rxc5 Nxe4 25. Nh6+ gxh6 26. Rxe4 f6 27. Ra4 Bf5 28. Rc1 Re7 1/2-1/2

[Event "Malaga op 1st"]
[Site "Malaga"]
[Date "1998.02.15"]
[Round "3"]
[White "Ruiz Gutierrez, Manuel"]
[Black "Romero Holmes, Alfonso"]
[Result "0-1"]
[WhiteElo "2240"]
[BlackElo "2490"]
[PlyCount "68"]
[EventDate "1998.02.13"]
[EventType "swiss"]
[EventRounds "9"]
[EventCountry "ESP"]
[SourceTitle "CBM 063 Extra"]
[Source "ChessBase"]
[SourceDate "1998.04.29"]
[SourceVersion "1"]
[SourceVersionDate "1998.04.29"]
[SourceQuality "1"]

1. e4 c5 2. Nf3 d6 3. d4 cxd4 4. Nxd4 Nf6 5. Nc3 g6 6. Be2 Bg7 7. 0-0 0-0 8. Bg5 Nc6 9. Nb3 a6 10. Kh1 b5 11. a3 Bb7 12. f4 Nd7 13. Bf3 Nb6 14. e5 Nc4 15. exd6 Qxd6 16. Qe1 Nxb2 17. Ne4 Qc7 18. Qh4 Nc4 19. Rae1 f6 20. Bh6 Bxh6 21. Qxh6 Nd8 22. Nbc5 Nf7 23. Qg7+ Kxg7 24. Ne6+ Kg8 25. Nxc7 Ra7 26. Ne6 Rc8 27. N4c5 Bxf3 28. Rxf3 Nfd6 29. Rd3 Raa8 30. g3 Rc6 31. Kg2 Rac8 32. Kf3 Kf7 33. Nb3 Nxa3 34. Nbd4 Nxc2 0-1

[Event "Malaga-ch"]
[Site "Malaga"]
[Date "1997.??.??"]
[Round "2"]
[White "Garcia del Castillo, Alberto"]
[Black "Ruiz Gutierrez, Manuel"]
[Result "0-1"]
[WhiteElo "2090"]
[BlackElo "2225"]
[PlyCount "80"]
[EventDate "1997.??.??"]
[EventType "swiss"]
[EventRounds "9"]
[EventCountry "ESP"]
[SourceTitle "EXT 2003"]
[Source "ChessBase"]
[SourceDate "2002.11.25"]
[SourceVersion "1"]
[SourceVersionDate "2002.11.25"]
[SourceQuality "1"]

1. Nf3 c5 2. g3 b6 3. Bg2 Bb7 4. 0-0 Nf6 5. c4 e6 6. Nc3 Be7 7. d3 0-0 8. a3 Nc6 9. Rb1 d5 10. cxd5 Nxd5 11. Nxd5 Qxd5 12. Be3 Rfd8 13. Nd4 Qd7 14. Nxc6 Bxc6 15. Bxc6 Qxc6 16. Qc2 Rac8 17. Rfc1 h5 18. h4 a6 19. b4 Qd7 20. bxc5 Bxc5 21. Bxc5 Rxc5 22. Qb3 Rxc1+ 23. Rxc1 Rc8 24. Rxc8+ Qxc8 25. Qc4 Qb7 26. f3 b5 27. Qc5 a5 28. Qc3 b4 29. Qb3 a4 30. Qb2 b3 31. Kf2 Qc7 32. Ke3 Qxg3 33. Kd4 Qxh4+ 34. Kc5 Qf2+ 35. Kb4 Qa7 36. e4 h4 37. d4 h3 38. d5 exd5 39. exd5 Qb8+ 40. Kxa4 h2 0-1

[Event "Malaga-ch"]
[Site "Malaga"]
[Date "1997.??.??"]
[Round "5"]
[White "Ruiz Gutierrez, Manuel"]
[Black "Garcia Munoz, Juan Jose"]
[Result "1/2-1/2"]
[WhiteElo "2225"]
[BlackElo "2105"]
[PlyCount "127"]
[EventDate "1997.??.??"]
[EventType "swiss"]
[EventRounds "9"]
[EventCountry "ESP"]
[SourceTitle "EXT 2003"]
[Source "ChessBase"]
[SourceDate "2002.11.25"]
[SourceVersion "1"]
[SourceVersionDate "2002.11.25"]
[SourceQuality "1"]

1. Nf3 Nf6 2. c4 c6 3. b3 g6 4. Bb2 Bg7 5. g3 0-0 6. Bg2 d5 7. 0-0 Re8 8. d4 Bf5 9. Nc3 Ne4 10. e3 Nxc3 11. Bxc3 Bg4 12. h3 Bxf3 13. Qxf3 e6 14. Rfd1 Nd7 15. e4 Nf6 16. e5 Nd7 17. Rac1 a5 18. Qe2 a4 19. Rb1 axb3 20. axb3 Bf8 21. c5 b6 22. b4 Qc7 23. Ra1 Qb7 24. Rdb1 Reb8 25. Qc2 Be7 26. Bf1 b5 27. Bd3 Kg7 28. Kg2 Bd8 29. h4 h5 30. Qc1 Rxa1 31. Rxa1 Ra8 32. Ra3 Ra6 33. Qa1 Nb8 34. Bc2 Qa8 35. Bb2 Rxa3 36. Bxa3 Nd7 37. Qc3 Be7 38. Qe3 Kg8 39. Kh3 Nf8 40. f3 Qd8 41. Bc1 Qa8 42. Ba3 Nh7 43. g4 hxg4+ 44. fxg4 Qd8 45. g5 Kg7 46. Kg2 Qa8 47. Kf1 Qh8 48. Qf3 Nxg5 49. hxg5 Qh4 50. Bb2 Bxg5 51. Bc3 Kg8 52. Bd1 Qh2 53. Be2 Kg7 54. Be1 Bf4 55. Qg2 Qh6 56. Qf3 Kf8 57. Bg3 Qh3+ 58. Kf2 Bd2 59. Bxb5 cxb5 60. c6 Ke8 61. c7 Kd7 62. Qxf7+ Kc8 63. Qe8+ Kxc7 64. Qe7+ 1/2-1/2

[Event "Cordoba op"]
[Site "Cordoba"]
[Date "1995.??.??"]
[Round "?"]
[White "Becerra Rivero, Julio"]
[Black "Ruiz Gutierrez, Manuel"]
[Result "1-0"]
[WhiteElo "2460"]
[BlackElo "2230"]
[PlyCount "97"]
[EventDate "1995.01.??"]
[EventType "swiss"]
[EventRounds "9"]
[EventCountry "ESP"]
[SourceTitle "EXT 1998"]
[Source "ChessBase"]
[SourceDate "1997.11.17"]
[SourceVersion "1"]
[SourceVersionDate "1997.11.17"]
[SourceQuality "1"]

1. e4 c5 2. Nf3 d6 3. Bb5+ Bd7 4. a4 Nc6 5. 0-0 Nf6 6. Re1 e6 7. b3 Be7 8. Bb2 0-0 9. h3 Rc8 10. Bf1 Ne8 11. Na3 Bf6 12. c3 g6 13. Rb1 Bg7 14. d4 cxd4 15. cxd4 d5 16. e5 f6 17. Qd2 fxe5 18. dxe5 a6 19. Nc2 Rxf3 20. gxf3 Qh4 21. f4 Bh6 22. Qd1 Bxf4 23. Qg4 Qxg4+ 24. hxg4 Nxe5 25. Bxe5 Bxe5 26. Rxe5 Rxc2 27. Ree1 Kf7 28. g5 Ke7 29. Re3 Ng7 30. Rd1 Bc6 31. Bh3 d4 32. Red3 e5 33. Re1 Kd6 34. f4 exf4 35. Rxd4+ Kc5 36. Rxf4 Rc3 37. b4+ Kb6 38. a5+ Ka7 39. Bg4 Ne8 40. Rd1 Re3 41. Bd7 Re7 42. Bxc6 bxc6 43. Rfd4 Rb7 44. Rd7 Nc7 45. Rxh7 Ne6 46. Rdd7 Rxd7 47. Rxd7+ Kb8 48. Rd6 Nxg5 49. Rxc6 1-0

[Event "Malaga-ch"]
[Site "Malaga"]
[Date "1995.??.??"]
[Round "9"]
[White "Ruiz Gutierrez, Manuel"]
[Black "Pariente Lopez, Francisco"]
[Result "0-1"]
[WhiteElo "2250"]
[BlackElo "2220"]
[PlyCount "48"]
[EventDate "1995.??.??"]
[EventType "tourn"]
[EventRounds "11"]
[EventCountry "ESP"]
[SourceTitle "EXT 2003"]
[Source "ChessBase"]
[SourceDate "2002.11.25"]
[SourceVersion "1"]
[SourceVersionDate "2002.11.25"]
[SourceQuality "1"]

1. e4 c5 2. Nf3 Nc6 3. d4 cxd4 4. Nxd4 Nf6 5. Nc3 d6 6. Be2 e5 7. Nb3 Be7 8. 0-0 0-0 9. Kh1 a5 10. a4 Be6 11. f4 Nb4 12. Be3 Rc8 13. Bf3 d5 14. fxe5 Nxe4 15. Bd4 Nc5 16. Bxc5 Bxc5 17. Be2 Bb6 18. Bd3 Qg5 19. Nb5 Qxe5 20. c3 Nxd3 21. Qxd3 Qe4 22. Qg3 Qc2 23. Qd6 Rc6 24. Qa3 Bh3 0-1

[Event "Seville op"]
[Site "Seville"]
[Date "1994.??.??"]
[Round "9"]
[White "Sanz Alonso, Francisco Javier"]
[Black "Ruiz Gutierrez, Manuel"]
[Result "1-0"]
[WhiteElo "2420"]
[BlackElo "2235"]
[PlyCount "59"]
[EventDate "1994.01.??"]
[EventType "swiss"]
[EventRounds "9"]
[EventCountry "ESP"]
[SourceTitle "TD"]
[Source "ChessBase"]
[SourceDate "1994.03.01"]
[SourceVersion "1"]
[SourceVersionDate "1994.03.01"]
[SourceQuality "1"]

1. e4 c5 2. Nf3 d6 3. c3 Nf6 4. h3 Nbd7 5. Bd3 a6 6. 0-0 b6 7. Qe2 e6 8. Bc2 Bb7 9. d4 cxd4 10. cxd4 Be7 11. Nc3 0-0 12. Rd1 Qc7 13. Bf4 Rfe8 14. Rac1 Qb8 15. Bh2 Nf8 16. e5 dxe5 17. dxe5 Nd5 18. Ne4 Qd8 19. Nd4 Qd7 20. Qh5 Rac8 21. Nf3 Ba8 22. Nfg5 Bxg5 23. Nxg5 f5 24. exf6 Nxf6 25. Rxd7 Nxh5 26. Rc7 Rxc7 27. Bxc7 b5 28. a4 Nf6 29. axb5 axb5 30. Bd3 1-0

[Event "ESP-chT"]
[Site "Spain"]
[Date "1992.??.??"]
[Round "4"]
[White "Ruiz Gutierrez, Manuel"]
[Black "Medina, Jose"]
[Result "1-0"]
[WhiteElo "2245"]
[BlackElo "2270"]
[PlyCount "185"]
[EventDate "1992.??.??"]
[EventType "team"]
[EventRounds "9"]
[EventCountry "ESP"]
[SourceTitle "EXT 1998"]
[Source "ChessBase"]
[SourceDate "1997.11.17"]
[SourceVersion "1"]
[SourceVersionDate "1997.11.17"]
[SourceQuality "1"]

1. d4 Nf6 2. c4 g6 3. Nc3 Bg7 4. e4 d6 5. Nf3 0-0 6. Be2 e5 7. 0-0 exd4 8. Nxd4 Re8 9. f3 c6 10. Nb3 Na6 11. Bf4 d5 12. cxd5 cxd5 13. Bxa6 Qb6+ 14. Kh1 Qxa6 15. exd5 Nh5 16. Bg5 h6 17. Bd2 Qd6 18. Na5 Bd7 19. Qb3 b6 20. Nc4 Qc5 21. Rae1 Bxc3 22. Qxc3 Qxd5 23. Bxh6 Bb5 24. b3 Rac8 25. Rxe8+ Rxe8 26. Bc1 Bxc4 27. bxc4 Qe5 28. Qxe5 Rxe5 29. Bd2 Re2 30. Rd1 f5 31. Kg1 Kf7 32. Kf1 Re7 33. Bg5 Rc7 34. Rd4 Ng7 35. Rh4 Rc6 36. Be3 a6 37. Ke2 Ne6 38. Rh7+ Kf6 39. Kd3 b5 40. cxb5 axb5 41. Ra7 f4 42. Bd2 g5 43. Bc3+ Kg6 44. Ra5 Rd6+ 45. Kc2 Rb6 46. a3 Rc6 47. Kd2 Rd6+ 48. Kc2 Rc6 49. Kd2 Rd6+ 50. Ke2 Rc6 51. Kd2 Rd6+ 52. Ke1 Rd3 53. Bh8 Rb3 54. Ra6 Kf5 55. Kf2 b4 56. axb4 Rxb4 57. g4+ fxg3+ 58. hxg3 g4 59. Ra5+ Kg6 60. f4 Nxf4 61. gxf4 Rxf4+ 62. Kg3 Rc4 63. Rd5 Rc1 64. Bd4 Rc6 65. Kxg4 Ra6 66. Rd7 Rc6 67. Kf4 Rc4 68. Ke4 Ra4 69. Rg7+ Kh6 70. Rg8 Kh7 71. Rg4 Kh6 72. Kf5 Kh7 73. Rg7+ Kh6 74. Rd7 Ra5+ 75. Be5 Rb5 76. Rf7 Ra5 77. Rf6+ Kh5 78. Rb6 Rc5 79. Rb2 Rc4 80. Rg2 Ra4 81. Rg8 Ra6 82. Rg5+ Kh6 83. Rg4 Kh5 84. Rb4 Ra5 85. Rb1 Ra4 86. Rh1+ Rh4 87. Ra1 Rb4 88. Ra5 Rb6 89. Bd4 Rb4 90. Bc5 Rc4 91. Bd6 Rd4 92. Ra3 Rc4 93. Ra7 1-0